000 00322nam a22001337a 4500
020 _qPB.
040 _cFIZZA ISHAQ
082 _a624.15
_bHSA
100 _aFANG, YANG HSAI.
_989741
245 _aFOUNDATION ENGINEERING HANDBOOK /
_cHSAI YANG FANG.
260 _bSPRINGER,
_c1991.
300 _a923 P. ;
942 _2ddc
_cBK
999 _c588321
_d588321